000
00263nam a2200121Ia 4500
008
190216s9999||||xx |||||||||||||| ||und||
100
_a
Thakazhi
245
0
_a
Baloonukal
260
_b
Dc Books
_c
1982
300
_a
418p
650
_a
Malayalam Novel
942
_c
BK
999
_c
26171
_d
26171